000 04849nam a22004337a 4500
005 20091029095433.0
010 _aHIN-88118
020 _a9788128821615
_c250.00
035 _aHN-60464
035 _aB-366219-233
037 _aDBAD / PUB
037 _aअंकुर पब्लिकेशंस/ PUB
082 _a158.1
100 _aदेवसरे, हरिकृष्ण
_913037
245 _aजीत सको तो जीत लो /
_cहरिकृष्ण देवसरे
246 _aJeet sako to jeet lo
_bby Hari Krishna Devsare
260 _aनोएडा
_bअंकुर पब्लिकेशंस
_c2009
270 _a231, सेक्टर-15-ए,
_bनोएडा
_k9810044500
300 _a199पृ
_c22सेमी (सजिल्द)
650 _aजीवन कौशल
_913038
942 _2ddc
_cHN
_h158.1
_mदेवस
999 _c31167
_d31167